00592nam a2200157 a 450000100100000000500170001000800410002704000250006808200160009311000670010924500960017626000670027230000270033950000380036665000300040400001573020250306113119.0100217s1979 dr 000 0 spa d aDO-SdBNPbspacBNPHU a338.1bI43b1 aRepública Dominicana.bSecretaría de Estado de Agricultura10aInformaciones básicas sobre el proyecto centro de servicios rurales integrados "CENSERI". aSanto Domingo :bSecretaría de Estado de Agricultura,c1979. a68 p. :bil. ;c23 cm. aIncluye notas al pie de páginas 0aCooperativas agrícolas